000 00687nam a2200229Ia 4500
003 OSt
005 20241107150512.0
008 210716s2002 xx 000 0 und d
020 _a8173714118
040 _cAIMIT LIBRARY
041 _aeng
082 _a650.02
_21
_bSARD
100 _aSarkar, Debashis.
_9184518
245 _aBusiness quiz book :
_bmeasure your quizzitive Index /
_cBy Debashis Sarkar.
250 _a1st ed.
260 _aNew Delhi :
_bUniversities Press ,
_c2002.
300 _ax,222p. ;
_bPB
650 _aBrands and innovations
_9184519
650 _aIdeas and concepts
_9184520
650 _aBiz biz and more biz
_9184521
942 _2ddc
_cBK
_e1st
_k650.02 SARD
999 _c198874
_d198874